The new romantics (Record no. 8256)
[ view plain ]
| 000 -LEADER | |
|---|---|
| fixed length control field | 00233nam a22001097a 4500 |
| 003 - CONTROL NUMBER IDENTIFIER | |
| control field | OSt |
| 005 - DATE AND TIME OF LATEST TRANSACTION | |
| control field | 20201008125404.0 |
| 008 - FIXED-LENGTH DATA ELEMENTS--GENERAL INFORMATION | |
| fixed length control field | 201008b ||||| |||| 00| 0 eng d |
| 082 ## - DEWEY DECIMAL CLASSIFICATION NUMBER | |
| Classification number | 709.04 |
| Item number | ROS |
| 245 ## - TITLE STATEMENT | |
| Title | The new romantics |
| 942 ## - ADDED ENTRY ELEMENTS (KOHA) | |
| Source of classification or shelving scheme | |
| Withdrawn status | Lost status | Source of classification or shelving scheme | Damaged status | Koha normalized classification for sorting | Not for loan | Permanent location | Current location | Date acquired | Full call number | Barcode | Date last seen | Price effective from | Koha item type |
|---|---|---|---|---|---|---|---|---|---|---|---|---|---|
| 709_040000000000000_ROS | BMS College of Architecture, Design and Planning | BMS College of Architecture, Design and Planning | 2020-10-08 | 709.04 ROS | CL-UG69120 | 2020-10-08 | 2020-10-08 | UG Books from CL |